La crisis financiera internacional y sus efectos sobre la economa̕ espaǫla Seis conferencias /

Detalles Bibliográficos
Autor principal: Torrero Maąs, Antonio
Formato: eBook
Lenguaje:español
Publicado: Madrid: Marcial Pons, 2011
Materias:
Acceso en línea:Acceso restringido

MARC

LEADER 00000nam a22000007a 4500
005 20200402133831.0
007 cr|||| |||
008 200402s2011 es |||||s|||| 00||0 spa d
020 |a 978-84-9123-662-7 
035 |a 31291 
040 |a vLex 
090 |c 10271  |d 10271 
100 1 |a Torrero Maąs, Antonio 
245 1 2 |a La crisis financiera internacional y sus efectos sobre la economa̕ espaǫla  |h [Recurso electrn̤ico] :  |b Seis conferencias /  |c Antonio Torrero Maąs 
256 |a Servicio en ln̕ea 
260 |a Madrid:  |b Marcial Pons,  |c 2011 
300 |a 1 recurso electrn̤ico 
506 1 |a Disponible solo en los productos indicados  |d vLex Global  |d vLex Global (Academic Edition, excluding Law Schools)  |d vLex Global (U.S. Academic Edition, Law Schools)  |d vLex Global (U.S. Academic Edition, excluding Law Schools)  |d vLex Global (Academic Edition, Law Schools) 
650 0 4 |a Derecho Fiscal  |z Espaą 
740 0 |a vLex Libros (Servicio en ln̕ea) 
856 4 0 |u http://vlex.com/source/crisis-financiera-internacional-efectos-economia-espa-ola-seis-conferencias-31291  |z Acceso restringido 
942 |c BOOK 
999 0 |a Tax Law